Close-Up 'O' Images Quiz Stats

 Plays Quiz Updated Jun 29, 2016

Challenge
Share
Tweet
Score 0/20 Timer 04:00
3 Plays Today
% Correct
Owl
99.2%
Orange
97.9%
Octopus
96.3%
Orca
93.9%
Organ
93.7%
Overalls
92.4%
Otter
91.7%
Olive
91.1%
Oven
90.9%
Ostrich
90.4%
% Correct
Ornament
89.4%
Oyster
88%
Oboe
86.9%
Oak
86.9%
Oars
84.4%
Ox
83.4%
Odometer
82.5%
Orchid
76.8%
Okra
60.7%
Opal
46.2%

You're not logged in!

Compare scores with friends on all Sporcle quizzes.
OR
Log In

You Might Also Like...

Show Comments

Extras

Top Quizzes Today


Score Distribution

Your Account Isn't Verified!

In order to create a playlist on Sporcle, you need to verify the email address you used during registration. Go to your Sporcle Settings to finish the process.

Report this User

Report this user for behavior that violates our Community Guidelines.

Details: